[Event "Bolton 4NCL op-B 4th"]
[Site "Bolton"]
[Date "2015.09.12"]
[Round "3.5"]
[White "Hanson, Robert"]
[Black "Cukovs, Oleg"]
[Result "0-1"]
[WhiteElo "1916"]
[BlackElo "1933"]
[PlyCount "118"]
[EventDate "2015.09.11"]
[EventType "swiss"]
[EventRounds "5"]
[EventCountry "ENG"]
[SourceTitle "EXT 2023"]
[Source "ChessBase"]
[SourceDate "2022.10.05"]
[SourceVersion "1"]
[SourceVersionDate "2022.10.05"]
[SourceQuality "1"]

1. d4 d5 2. c4 e6 3. Nc3 Nf6 4. cxd5 exd5 5. Bg5 Be7 6. e3 0-0 7. Bd3 c6 8. Nge2 Ne4 9. Bxe7 Qxe7 10. Qc2 Re8 11. 0-0 Nd7 12. Nf4 Ndf6 13. Rae1 Bf5 14. f3 Nxc3 15. bxc3 Bxd3 16. Nxd3 Qd6 17. Qb3 Re7 18. Ne5 Rae8 19. e4 Nd7 20. Ng4 dxe4 21. fxe4 Qe6 22. Nf2 Qxb3 23. axb3 f6 24. Ra1 a6 25. Rfd1 Nb6 26. g3 Nc8 27. d5 cxd5 28. Rxd5 Nb6 29. Rd4 Nd7 30. Nd3 Ne5 31. Nxe5 Rxe5 32. Raa4 R8e7 33. Kf2 Kf7 34. Kf3 Rc5 35. c4 Rce5 36. g4 h5 37. h3 hxg4+ 38. hxg4 Ke6 39. Rd5 Rxd5 40. exd5+ Ke5 41. Ke3 g6 42. Ra1 f5 43. gxf5 gxf5 44. Rd1 Rd7 45. b4 b5 46. c5 Rxd5 47. Rc1 Rd7 48. Ra1 Ra7 49. Ra2 Kd5 50. Rd2+ Kc4 51. Rd4+ Kc3 52. Rf4 a5 53. bxa5 b4 54. Rxf5 Rxa5 55. Rf1 b3 56. Rc1+ Kb2 57. Rc4 Ka3 58. Rc3 Kb4 59. Kd4 b2 0-1

[Event "Bolton 4NCL op-B 4th"]
[Site "Bolton"]
[Date "2015.09.12"]
[Round "2.2"]
[White "Hanson, Robert"]
[Black "Niedbal, Piotr"]
[Result "0-1"]
[WhiteElo "1916"]
[BlackElo "1827"]
[PlyCount "84"]
[EventDate "2015.09.11"]
[EventType "swiss"]
[EventRounds "5"]
[EventCountry "ENG"]
[SourceTitle "EXT 2023"]
[Source "ChessBase"]
[SourceDate "2022.10.05"]
[SourceVersion "1"]
[SourceVersionDate "2022.10.05"]
[SourceQuality "1"]

1. d4 Nf6 2. c4 g6 3. Nc3 Bg7 4. e4 d6 5. f3 0-0 6. Be3 Nbd7 7. Nge2 c5 8. d5 Qb6 9. Qd2 Ne5 10. Nc1 e6 11. Be2 exd5 12. cxd5 Re8 13. 0-0 a6 14. h3 Nh5 15. Kh2 Qd8 16. g4 Qh4 17. Qe1 Nxg4+ 18. fxg4 Be5+ 19. Kg2 Bg3 20. Bf2 Nf4+ 21. Kf3 Qxh3 22. Bxg3 Ng2 23. Qd2 Nh4+ 24. Kf2 Qg2+ 25. Ke1 Qxg3+ 26. Kd1 Ng2 27. Rf3 Qh2 28. Bf1 Bxg4 29. Qxg2 Bxf3+ 30. Qxf3 b5 31. Nd3 c4 32. Nf2 b4 33. Ne2 Qe5 34. Kc2 Rec8 35. Bh3 Rc7 36. Ng4 Qe7 37. Bg2 Rb8 38. Nd4 b3+ 39. Kc3 bxa2 40. Rxa2 Kg7 41. Qf4 Rb6 42. Nc6 Qh4 0-1

[Event "Bolton 4NCL op-B 4th"]
[Site "Bolton"]
[Date "2015.09.11"]
[Round "1.5"]
[White "Lavelle, Terry WT"]
[Black "Hanson, Robert"]
[Result "0-1"]
[WhiteElo "1565"]
[BlackElo "1916"]
[PlyCount "112"]
[EventDate "2015.09.11"]
[EventType "swiss"]
[EventRounds "5"]
[EventCountry "ENG"]
[SourceTitle "EXT 2023"]
[Source "ChessBase"]
[SourceDate "2022.10.05"]
[SourceVersion "1"]
[SourceVersionDate "2022.10.05"]
[SourceQuality "1"]

1. e4 c6 2. Nf3 d5 3. exd5 cxd5 4. Ne5 Nf6 5. d4 Nc6 6. Bb5 Qb6 7. c4 e6 8. Nc3 Be7 9. cxd5 exd5 10. Qa4 Bd7 11. Nxd7 Kxd7 12. 0-0 a6 13. Be2 Rhd8 14. Rd1 Ke8 15. Bf3 h6 16. Rb1 Rac8 17. Be3 Kf8 18. Qc2 Na5 19. Qf5 Qe6 20. Qd3 Nc4 21. Bf4 Qc6 22. Qf5 Qe6 23. Qd3 Rc6 24. Re1 Qc8 25. Ne2 Bb4 26. Rec1 Kg8 27. Rc2 Qd7 28. a3 Ba5 29. b4 Bb6 30. Rbc1 Rdc8 31. Be5 Bd8 32. Nf4 Nb6 33. Rc5 Ne4 34. Nxd5 f5 35. Nxb6 Bxb6 36. Rxc6 Rxc6 37. Rxc6 Qxc6 38. g4 Qc1+ 39. Qd1 Qxa3 40. Bxe4 fxe4 41. Qc2 Qf3 42. Qc8+ Kh7 43. Qxb7 Qxg4+ 44. Kf1 Bxd4 45. Bxd4 Qd1+ 46. Kg2 Qxd4 47. Kf1 Qd1+ 48. Kg2 Qd4 49. Qe7 Kg6 50. Qe6+ Kg5 51. Qe7+ Kf5 52. Qc5+ Qxc5 53. bxc5 a5 54. f3 exf3+ 55. Kxf3 a4 56. c6 Ke6 0-1